| 000 | 00555nam a2200181Ia 4500 | ||
|---|---|---|---|
| 999 |
_c36863 _d36863 |
||
| 003 | OSt | ||
| 005 | 20210123112319.0 | ||
| 008 | 190216s9999||||xx |||||||||||||| ||und|| | ||
| 020 | _a9788131700730 | ||
| 040 | _coclc | ||
| 082 |
_a004 _bTHO/T |
||
| 100 |
_aThorpe, Edgar _96395 |
||
| 245 | 0 |
_aThe Pearson Guide To MCA Entrance Examinations / _cEdgar Thorpe ; Showick Thorpe |
|
| 260 |
_bPearson Education International, _c2008. _aNew Delhi: |
||
| 300 | _a549p | ||
| 650 | _aReferences | ||
| 942 |
_cREF _2ddc _h004 _iTHO/T _k004 _mTHO/T |
||